A Disaffection

書目詳細資料
主要作者: Kelman J. James
總結:Patrick Doyle is a 29-year-old teacher in an ordinary school. Disaffected, frustrated and increasingly bitter at the system he is employed to maintain, Patrick begins his rebellion, fuelled by drink and his passionate, unrequited love for a fellow teacher.
語言:英语
出版: London, Vintage, 1999
主題:
格式: 圖書
KOHA link:https://koha.lib.tpu.ru/cgi-bin/koha/opac-detail.pl?biblionumber=208345

MARC

LEADER 00000nam0a2200000 4500
001 208345
005 20231101225446.0
010 |a 0099283093 
035 |a (RuTPU)RU\TPU\book\227462 
090 |a 208345 
100 |a 20120202d1999 m y0engy50 ba 
101 0 |a eng 
102 |a GB 
105 |a y z 000ay 
200 1 |a A Disaffection  |f J. Kelman 
210 |a London  |c Vintage  |d 1999 
215 |a 337 p. 
330 |a Patrick Doyle is a 29-year-old teacher in an ordinary school. Disaffected, frustrated and increasingly bitter at the system he is employed to maintain, Patrick begins his rebellion, fuelled by drink and his passionate, unrequited love for a fellow teacher. 
606 1 |a Английский язык  |x Учебные руководства и пособия  |x Хрестоматии, книги для чтения  |2 stltpush  |3 (RuTPU)RU\TPU\subj\29075  |9 52487 
610 1 |a английская литература 
610 1 |a романы 
610 1 |a психология 
610 1 |a переживания 
610 1 |a аутентичные тексты 
686 |a Ш143.21-923.8  |v LBC/SL-A  |2 rubbk 
700 1 |a Kelman  |b J.  |g James 
801 1 |a RU  |b 63413507  |c 20120202 
801 2 |a RU  |b 63413507  |c 20120213  |g RCR 
942 |c BK